书目信息 |
| 题名: |
半导体器件工艺原理
|
|
| 作者: | ;厦门大学物理系半导体物理教研室 编 | |
| 分册: | ||
| 出版信息: | 北京 人民教育出版社 1977 |
|
| 页数: | 488页 | |
| 开本: | 20cm | |
| 丛书名: | ||
| 单 册: | ||
| 中图分类: | TN305 , TN303 | |
| 科图分类: | ||
| 主题词: | 半导体工艺 | |
| 电子资源: | ||
| ISBN: | ||
| 000 | 00756nam0 2200253 45 | |
| 001 | 0177003103 | |
| 005 | 20061123102617.23 | |
| 010 | @dCNY1.25 | |
| 091 | @a15012.028 | |
| 100 | @a19951012d1977 em y0chiy0121 ea | |
| 101 | 0 | @achi |
| 102 | @aCN@b110000 | |
| 105 | @aa z 000yy | |
| 200 | 10 | @a半导体器件工艺原理@Aban dao ti qi jian gong yi yuan li@f厦门大学物理系半导体物理教研室编 |
| 210 | @a北京@c人民教育出版社@d1977 | |
| 215 | @a488页@c图表@d20cm | |
| 300 | @a高等学校教学参考书 | |
| 606 | @a半导体工艺 | |
| 690 | @aTN305@v3 | |
| 690 | @aTN303@v3 | |
| 711 | 02 | @a厦门大学物理系半导体物理教研室@Asha men da xue wu li ji ban dao ti wu li jiao yan shi@4编 |
| 801 | 2 | @aCN@bNLC@c20061123 |
| 801 | 0 | @aCN@bTSSF@c20060727 |
| 905 | @dTN303@e15 | |
| 半导体器件工艺原理/厦门大学物理系半导体物理教研室编.-北京:人民教育出版社,1977 |
| 488页:图表;20cm |
| 高等学校教学参考书 |
| ISBN :CNY1.25 |
| ● |
| 相关链接 |
|
|
|
|
正题名:半导体器件工艺原理
索取号:TN303/15
 
预约/预借
| 序号 | 登录号 | 条形码 | 馆藏地/架位号 | 状态 | 备注 |
| 1 | 0028092 | 001351290 | 第二样本阅览室/ [索取号:TN303/15] | 在馆 |